<?xml version="1.0" encoding="UTF-8"?>
<record
    xmlns:xsi="http://www.w3.org/2001/XMLSchema-instance"
    xsi:schemaLocation="http://www.loc.gov/MARC21/slim http://www.loc.gov/standards/marcxml/schema/MARC21slim.xsd"
    xmlns="http://www.loc.gov/MARC21/slim">

  <leader>01339nam a2200217   4500</leader>
  <controlfield tag="001">ESSALUD</controlfield>
  <controlfield tag="005">20260701143742.0</controlfield>
  <controlfield tag="007">ta</controlfield>
  <controlfield tag="008">      t        pe ||||| |||| 00| 0 spa d</controlfield>
  <datafield tag="040" ind1=" " ind2=" ">
    <subfield code="a">BMG</subfield>
  </datafield>
  <datafield tag="041" ind1=" " ind2=" ">
    <subfield code="a">spa</subfield>
  </datafield>
  <datafield tag="100" ind1=" " ind2=" ">
    <subfield code="a">Tribunal Registral </subfield>
    <subfield code="e">Autor</subfield>
    <subfield code="9">53048</subfield>
  </datafield>
  <datafield tag="245" ind1=" " ind2=" ">
    <subfield code="a">La declaraci&#xF3;n judicial de herederos no constituye una aceptaci&#xF3;n t&#xE1;cita de la herencia</subfield>
  </datafield>
  <datafield tag="300" ind1=" " ind2=" ">
    <subfield code="a">p&#xE1;ginas 88-99</subfield>
  </datafield>
  <datafield tag="520" ind1=" " ind2=" ">
    <subfield code="a">La declaraci&#xF3;n judicial de herederos no constituye una aceptaci&#xF3;n t&#xE1;cita de la herencia, pues a trav&#xE9;s de este procedimiento se busca conocer qui&#xE9;nes son los sucesores de un causante, los llamados a heredar los bienes, derechos y obligaciones que constituyen la herencia, por imperio de la Ley en ausencia del testamento. Sin embargo, puede darse el caso de que los sucesores de un causante no hayan sido reconocidos o contemplados como tales, o habi&#xE9;ndolo sido, resultan ajenos a ellos la tenencia, posesi&#xF3;n y/o dominio efectivo de los bienes que conforman la herencia. Ante tal situaci&#xF3;n, se ha previsto la acci&#xF3;n petitoria. </subfield>
  </datafield>
  <datafield tag="650" ind1=" " ind2=" ">
    <subfield code="a">DERECHO SUCESORIO</subfield>
    <subfield code="9">53065</subfield>
  </datafield>
  <datafield tag="650" ind1=" " ind2=" ">
    <subfield code="a">HERENCIA</subfield>
    <subfield code="9">1215</subfield>
  </datafield>
  <datafield tag="650" ind1=" " ind2=" ">
    <subfield code="a">TESTAMENTO</subfield>
    <subfield code="9">53066</subfield>
  </datafield>
  <datafield tag="773" ind1="0" ind2=" ">
    <subfield code="0">22573</subfield>
    <subfield code="9">22621</subfield>
    <subfield code="d">Lima Grupo Praxis Formaci&#xF3;n Profesional, 2026-</subfield>
    <subfield code="o">PRA002</subfield>
    <subfield code="t">Praxis Civil &amp; Procesal Civil</subfield>
    <subfield code="w">ESSALUD</subfield>
    <subfield code="x">3119-7671</subfield>
  </datafield>
  <datafield tag="942" ind1=" " ind2=" ">
    <subfield code="c">ARTICULOS</subfield>
    <subfield code="e">2026-07-01</subfield>
    <subfield code="z">sqb</subfield>
  </datafield>
  <datafield tag="999" ind1=" " ind2=" ">
    <subfield code="c">22599</subfield>
    <subfield code="d">22599</subfield>
  </datafield>
</record>
